000 00333nam a2200133Ia 4500
008 191201s2004 xx 000 0 und d
100 _aPRIYA, Madhu
245 0 _aFragrance An Innovative of Indian Textile
250 _a1st
260 _aN.Delhi
_bHonesty Publisher
_c2004
300 _a176
650 _aB.Tech(TE)
942 _2ddc
_cBK
999 _c2514
_d2514